00288nam a2200121Ia 4500003000400000008004100004082001400045100001700059245004700076260001800123300000800141650001700149OSt191201s2019 xx 000 0 und d a005.8 BOI aBOSE, Ranjan 0aInformation Theory Coding and Cryptography aN. DelhibTMH a463 aB.Tech (ECE)